000 00491nmm a2200169Ia 4500
008 251105s9999||||xx |||||||||||||||||und||
020 _a9788498951202
041 _aspa
100 _aMontauban, Jannine
245 0 _aLa picaresca en la otra margen
264 _a[Madrid, España] :
_bVisor Libros,
_c2010
300 _a125 páginas
490 _aBiblioteca Filológica Hispana
650 _aSpanish literature
856 _uhttps://public.digitaliapublishing.com/a/24137
942 _cCF
999 _c92142
_d92142